Trendy rozvoja medzinárodných clearingových platobných a zúčtovacích systémov

Rozvoj platobných a zúčtovacích systémov podmienený aj cieľmi centrálnych bánk. Transformácia národných platobných systémov v krajinách EÚ na RTGS systémy. Integrovaný platobný a zúčtovací systém integrujúci hybridné systémy s RTGS systémami - RTGS plus. Hlavné ciele pre integrovaný systém. Realizác...

Descrizione completa

Salvato in:
Dettagli Bibliografici
Autore principale: Šafár, Pavol
Natura: Capitolo di libro
Lingua:slovacco
Soggetti:
Tags: Aggiungi Tag
Nessun Tag, puoi essere il primo ad aggiungerne!!

MARC

LEADER 00000naa a2200000 4500
001 r040950
005 20221128124145.8
041 0 |a slo 
044 |a SK 
245 1 0 |a Trendy rozvoja medzinárodných clearingových platobných a zúčtovacích systémov  |c Pavol Šafár 
520 |a Rozvoj platobných a zúčtovacích systémov podmienený aj cieľmi centrálnych bánk. Transformácia národných platobných systémov v krajinách EÚ na RTGS systémy. Integrovaný platobný a zúčtovací systém integrujúci hybridné systémy s RTGS systémami - RTGS plus. Hlavné ciele pre integrovaný systém. Realizácia RTGS plus prostredníctvom SWIFT. Typy platieb v RTGS plus. Platobné systémy a internet. RTGS v podmienkach SR. 
610 2 0 |a systémy platobné 
610 2 0 |a zúčtovanie bezhotovostné 
610 2 0 |a politika finančná 
610 2 0 |a politika menová 
610 2 0 |a riziko 
610 2 0 |a styk platobný medzinárodný 
610 2 0 |a styk zúčtovací medzinárodný 
610 2 0 |a Slovensko 
610 2 0 |a internet 
610 2 0 |a RTGS 
610 2 0 |a SWIFT 
610 2 0 |a TARGET 
610 2 0 |a Európska únia 
100 1 |a Šafár, Pavol